Boavista FC Squad 2023-2024 - Statistics

General Stats
  • This quiz has been taken 18 times
  • The average score is 14 of 31
Answer Stats
# Position Nation Player % Correct
9 FW Slovakia Róbert Boženík
80%
24 MF Colombia Seba Pérez
80%
10 MF Portugal Miguel Reisinho
60%
- Coach Portugal Petit
60%
26 DF Uruguay Rodrigo Abascal
60%
42 MF Congo Gaius Makouta
53%
18 MF Montenegro Ilija Vukotić
53%
99 GK Portugal João Gonçalves
53%
16 MF Portugal Joel Silva
53%
79 DF Portugal Pedro Malheiro
53%
7 FW Portugal Salvador Agra
53%
8 MF Portugal Bruno Lourenço
47%
70 DF Nigeria Bruno Onyemaechi
47%
5 DF Nigeria Chidozie Awaziem
47%
20 DF Portugal Filipe Ferreira
47%
27 FW Venezuela Jeriel de Santis
47%
11 FW Portugal Luís dos Santos
47%
23 DF France Vincent Sasso
47%
80 FW Portugal Berna
40%
59 FW Portugal Martim Tavares
40%
13 MF Japan Masa
40%
21 FW Portugal Tiago Morais
40%
1 GK Brazil César
33%
30 FW Ireland Cristiano Fitzgerald
33%
6 MF Guinea Ibrahima
33%
12 GK Brazil Luís Pires
33%
90 FW Portugal Tiago Machado
33%
- Coach Portugal Ricardo Paiva
27%
55 DF Portugal Augusto Dabó
20%
35 DF Portugal Gonçalo Miguel
20%
- Coach Portugal Jorge Couto
13%
No matching quizzes found
Score Distribution
Percent of People with Each Score
Percentile by Number Answered
Your Score History
You have not taken this quiz